[Event "Memorial Jorge Szmetan 2017"]
[Site "Buenos Aires"]
[Date "2017.04.22"]
[Round "6"]
[White "Flores, Diego"]
[Black "Morovic Fernandez, Ivan"]
[Result "1-0"]
[WhiteElo "2568"]
[BlackElo "2527"]
[Annotator "TA"]
[PlyCount "109"]
[EventDate "2017.04.17"]
[EventType "tourn"]
[EventCountry "ARG"]
[SourceTitle "playchess.com"]
[Source "ChessBase"]
[SourceQuality "1"]

{[%evp 16,109,6,2,50,48,58,11,37,0,30,33,33,47,42,0,25,0,29,12,26,0,23,21,25,15,26,23,28,29,20,8,20,19,17,0,89,100,119,79,173,133,118,102,245,53,54,52,52,60,120,61,56,58,125,70,75,26,31,5,13,8,130,47,48,48,148,132,118,46,51,-29,64,-1,0,-6,-6,-29,0,0,208,185,285,51,420,393,495,473,480,476,639,576,704,204,29997,29998]} 1. c4 e5 2. g3 Nf6 3. Bg2 d5 4. cxd5 Nxd5 5. Nc3 Nb6 6. e3 Be7 {A22: English Opening: 1...e5 2 Nc3 Nf6} (6... Nc6 7. Nge2 h5 8. h3 h4 9. g4 f5 10. d4 exd4 11. exd4 fxg4 12. Qd3 Qf6 13. Ne4 Bb4+ 14. Bd2 {0-1 (46) Caruana,F (2804)-Vachier Lagrave,M (2789) Paris 2016}) 7. Nge2 Nc6 8. O-O O-O 9. f4 {LiveBook: 43 Games} exf4 10. Nxf4 Ne5 11. b3 c6 12. Bb2 Ng6 13. Qc2 Nxf4 14. Rxf4 Be6 $146 15. Be4 g6 16. Ne2 Nd5 17. Bxd5 Qxd5 18. Nc3 Qd7 19. Ne4 Bf5 $1 20. Raf1 $40 {[%mdl 128] White attacks.} Rad8 21. Qc3 {[%csl Gb2][%cal Rc3h8]} f6 $1 22. g4 Bxe4 $1 23. Rxe4 {Threatens to win with Qc4+.} Rf7 $1 24. Rf2 {[%cal Bf1f2,Bf2g2,Bg2c2][%mdl 32]} c5 25. g5 {[%cal Rg5f6]} b5 (25... Rdf8 $11) 26. gxf6 $16 Bf8 27. Qc2 Qc6 (27... Qd3 $16 {might work better.} 28. Qxd3 Rxd3) 28. Rg4 Qd7 29. Rfg2 Qe6 (29... Qd3 $16 {keeps fighting.} 30. Qc1 Re8) 30. Qe4 $2 (30. h4 $1 $18 {[%cal Rh4h5] aiming for h5.} Bh6 31. Re4 (31. Qxc5 Rxd2 32. R4g3 Rd3 $11)) 30... Qxe4 $14 31. Rxe4 Rfd7 32. d4 Rd6 {[#]} (32... Rc7 $14) 33. Rf4 (33. Rc2 $1 $16) 33... Kf7 34. Rc2 Ra6 (34... Rd5 $14) 35. a3 (35. dxc5 $16 {Black must now prevent a3.} Rxa2 36. c6) 35... Re6 36. Rf3 Rd5 37. Kf2 Bd6 38. h3 b4 (38... a5 $11 {keeps the balance.}) 39. a4 (39. axb4 $16 {[%cal Rd4c5]} cxb4 40. Ke2) 39... a5 40. Rc4 g5 (40... Rg5 $14) 41. Ke2 $16 {Strongly threatening Kd3.} h5 {[#]} 42. Kd3 (42. dxc5 $1 $16 Bxc5 43. e4) 42... g4 $14 43. Rf1 ({Better is} 43. hxg4 $1 $14 hxg4 44. Rf1) 43... cxd4 (43... gxh3 $11 44. e4 Rg5) 44. Bxd4 ({White should try} 44. e4 $14 Rg5 45. hxg4 (45. Bxd4 g3 46. Rg1 h4 $15)) 44... gxh3 $11 45. Rc8 h2 ({Wrong is} 45... Re8 $2 46. Rxe8 Kxe8 47. e4 $18) 46. Rh8 Rg5 47. Rh7+ Kg8 $2 (47... Kg6 $1 $11 {and Black stays safe.} 48. Rg7+ Kh6) 48. Rd7 {Threatening mate with f7+.} Bf8 (48... Rxf6 $142 49. Bxf6 Rg1 50. Rg7+ (50. Rd8+ $2 Kf7 51. Be5+ Rxf1 52. Bxh2 Bxh2 $19) 50... Rxg7 51. Bxg7 Kxg7) 49. Rh1 $2 (49. f7+ $18 Kh7 50. Rh1) 49... Rd6 $2 {[%mdl 8192]} ({Black should play} 49... Bc5 $1 $14) 50. Ra7 Rd8 51. Rxh2 Bd6 52. Rf2 ({Less strong is} 52. f7+ Kf8 53. Rf2 Be5 $16) 52... Kf8 53. Ke2 Rd5 54. f7 $2 (54. Rh7 Kg8 55. Rg7+ Kh8 56. Rfg2) 54... Rc8 $2 {[#]} (54... Be7 $18 55. Rf4 R8d7) 55. Bg7+ $1 {[%mdl 512]} 1-0

[Event "Memorial Jorge Szmetan 2017"]
[Site "Buenos Aires"]
[Date "2017.04.22"]
[Round "6"]
[White "Slipak, Sergio"]
[Black "Mareco, Sandro"]
[Result "1/2-1/2"]
[WhiteElo "2465"]
[BlackElo "2655"]
[Annotator "TA"]
[PlyCount "24"]
[EventDate "2017.04.17"]
[EventType "tourn"]
[EventCountry "ARG"]
[SourceTitle "playchess.com"]
[Source "ChessBase"]
[SourceQuality "1"]

{[%evp 18,24,6,-9,68,63,95,83,122]} 1. d4 e6 2. c4 Nf6 3. Nc3 Bb4 4. Bd2 d5 5. e3 O-O 6. Nf3 b6 7. cxd5 exd5 8. Bd3 Bb7 9. O-O Nbd7 10. Rc1 {LiveBook: 31 Games} Re8 {E52: Nimzo-Indian: Rubinstein: 4...0-0 5 Nf3 d5 6 Bd3 b6} (10... Be7 $11) (10... a6 11. Ne5 Re8 12. f4 Nf8 13. Be1 c5 14. Bh4 c4 15. Bc2 b5 16. g4 Qb6 17. g5 Ne4 18. Nxe4 dxe4 {0-1 (44) Li,C (2746)-Short,N (2666) Baku 2016}) 11. Nb5 $1 $14 Bd6 12. Qc2 Re7 $146 (12... Nf8 13. Nxd6 cxd6 14. Qc7 Re7 15. Qxd8 Rxd8 16. Bb4 Ne6 17. Ne5 Rc7 18. Rxc7 Nxc7 {½-½ (40) Tartakower,S-Johner,P Karlsbad 1929}) 1/2-1/2

[Event "Memorial Jorge Szmetan 2017"]
[Site "Buenos Aires"]
[Date "2017.04.22"]
[Round "6"]
[White "Garcia Palermo, Carlos"]
[Black "Hoffman, Alejandro"]
[Result "0-1"]
[WhiteElo "2450"]
[BlackElo "2488"]
[Annotator "TA"]
[PlyCount "44"]
[EventDate "2017.04.17"]
[EventType "tourn"]
[EventCountry "ARG"]
[SourceTitle "playchess.com"]
[Source "ChessBase"]
[SourceQuality "1"]

{[%evp 27,44,0,-2,-40,-18,-55,-43,-118,-127,-133,-145,-262,-261,-268,-250,-259,-243,-313,-261]} 1. d4 d5 2. c4 e6 3. Nf3 Nf6 4. e3 Be7 5. Nbd2 O-O 6. b3 b6 7. Bb2 Bb7 8. Bd3 c5 9. O-O cxd4 10. exd4 Nc6 11. Rc1 Rc8 12. Qe2 Re8 13. Rfd1 Bf8 14. Nf1 g6 {LiveBook: 23 Games. E14: Queen's Indian: Classical Variation (4 e3)} 15. Bc3 $146 (15. Ne3 Bg7 16. c5 bxc5 17. dxc5 a5 18. a3 Qc7 19. Bb5 Re7 20. Bxc6 Qxc6 21. Be5 Ne4 22. Bxg7 Kxg7 23. b4 {½-½ (32) Forcen Esteban,D (2540)-Laznicka,V (2651) Monzon 2016}) 15... Ba3 16. Rb1 Nb4 {Black is slightly better.} 17. Ne5 (17. Bxb4 $15 Bxb4 18. Ne3) 17... Nxd3 $17 18. Rxd3 dxc4 19. Rh3 (19. Nxc4 $17 Bf8 20. Rdd1) 19... cxb3 $19 20. Rxb3 Bf8 21. Bb2 Bg7 22. Ne3 Nd5 0-1

[Event "Memorial Jorge Szmetan 2017"]
[Site "Buenos Aires"]
[Date "2017.04.22"]
[Round "6"]
[White "Darcyl, Tomas"]
[Black "Pichot, Alan"]
[Result "1/2-1/2"]
[WhiteElo "2405"]
[BlackElo "2556"]
[Annotator "TA"]
[PlyCount "125"]
[EventDate "2017.04.17"]
[EventType "tourn"]
[EventCountry "ARG"]
[SourceTitle "playchess.com"]
[Source "ChessBase"]
[SourceQuality "1"]

{[%evp 13,125,0,27,39,35,10,45,21,24,6,37,40,48,41,65,51,66,66,62,50,66,54,68,68,72,82,77,68,66,60,50,40,59,43,79,18,23,26,26,26,40,0,83,79,93,0,0,0,0,0,0,0,0,0,0,0,0,0,0,0,0,0,0,-16,-16,-16,-8,-9,0,0,0,0,0,0,0,0,0,0,0,0,0,0,0,0,0,0,0,0,0,0,0,-33,-33,-33,-33,-33,-33,-33,-33,-33,0,0,0,-33,-33,-33,-33,-33,0,0,0,0,0,0]} 1. Nf3 Nf6 2. g3 d5 3. Bg2 g6 4. O-O Bg7 5. d4 O-O 6. Nbd2 c5 7. dxc5 Nc6 {LiveBook: 4 Games. D02: 1 d4 d5 2 Nf3 sidelines, including 2...Nf6 3 g3 and 2...Nf6 3 Bf4} (7... Qc7 8. Nb3 e5 9. e4 Bg4 10. h3 Bxf3 11. Qxf3 Nxe4 12. Rd1 Rd8 13. c4 Na6 14. cxd5 Naxc5 15. Nxc5 Nxc5 {1-0 (51) Gajewski,G (2615)-Tomczak,J (2601) Warsaw 2017}) 8. c3 a5 9. Nd4 e5 10. Nxc6 bxc6 11. e4 $146 (11. Nf3 Ne4 12. Be3 Ba6 13. Nd2 f5 14. Nxe4 fxe4 15. Qd2 {0-1 (31) Gandolfo,A (2046)-Krysa,L (2271) Villa Martelli 2010}) 11... d4 12. cxd4 Qxd4 13. Nf3 Qxc5 14. Be3 Qe7 15. Qc2 Re8 16. Rfd1 Qb4 17. Nd2 Be6 18. Bc5 ({But not} 18. Qxc6 Rec8 19. Qb6 Ng4 $15) 18... Qb5 19. Bf1 Qb8 20. Nc4 Bf8 21. Bxf8 Rxf8 22. f3 Nd7 23. Qc3 Qa7+ 24. Qe3 ({White should try} 24. Kg2 $16) 24... Qxe3+ $11 25. Nxe3 Rfb8 26. Rd2 Rb4 27. Rc1 Nb6 (27... Rd4 $11 28. Rcd1 Bxa2) 28. Rxc6 $16 Bxa2 29. Nd5 (29. Ng4 $16) 29... Nxd5 $11 30. exd5 Rd8 31. d6 Be6 32. Rc5 Rd4 33. Rxd4 exd4 34. Rxa5 Rxd6 {[%mdl 4096] Endgame KRB-KRB} 35. Bd3 Rc6 36. Ra4 Rc1+ 37. Kf2 $1 Rh1 38. b4 ({Reject} 38. Rxd4 Rxh2+ 39. Ke3 Rxb2 $17) 38... Rxh2+ 39. Ke1 Bd5 40. f4 Rg2 41. b5 Rxg3 42. Rxd4 Bh1 43. Kd2 h5 44. b6 h4 {White must now prevent ...h3.} 45. f5 h3 {And now ...Bg2 would win.} 46. fxg6 fxg6 {[#]} 47. b7 $1 {[%mdl 512]} Bxb7 48. Rd8+ Kg7 49. Rd7+ Kh8 50. Rxb7 {KRB-KR} Rg2+ 51. Ke3 h2 52. Rb1 Rg1 53. Rb8+ Kg7 54. Be4 Re1+ 55. Kf2 Rxe4 $15 {KR-KR} 56. Kg2 Rh4 57. Kh1 Kh6 58. Rb5 g5 59. Rb2 Kh5 60. Rb8 Kg4 61. Rb4+ {The position is equal.} Kg3 {[#] ...Rf4 is the strong threat.} 62. Rxh4 Kxh4 63. Kxh2 1/2-1/2

[Event "Memorial Jorge Szmetan 2017"]
[Site "Buenos Aires"]
[Date "2017.04.23"]
[Round "7"]
[White "Mareco, Sandro"]
[Black "Garcia Palermo, Carlos"]
[Result "1-0"]
[WhiteElo "2655"]
[BlackElo "2450"]
[Annotator "TA"]
[PlyCount "55"]
[EventDate "2017.04.17"]
[EventType "tourn"]
[EventCountry "ARG"]
[SourceTitle "playchess.com"]
[Source "ChessBase"]
[SourceQuality "1"]

{[%evp 14,55,39,32,64,64,66,72,71,68,73,49,89,64,92,77,125,79,135,129,118,143,159,160,217,185,204,160,167,136,146,155,154,158,229,232,231,226,251,251,377,380,723,714]} 1. e4 c6 2. d4 d5 3. e5 Bf5 4. Nf3 e6 5. Be2 Nd7 6. O-O Bg6 7. a4 {[%cal Ba2a4,Ba4a5][%mdl 32] B12: Caro-Kann: Advance Variation} Ne7 {[%cal Bg8e7,Be7c8,Bc8a7,Ba7b5][%mdl 32]} 8. a5 {LiveBook: 6 Games} a6 9. b4 {White is slightly better.} Nc8 (9... Nf5 10. c3 f6 11. Bf4 fxe5 12. dxe5 Be7 13. g4 Nh4 14. Nd4 Bf7 {1-0 (31) Caruana,F (2808)-Bareev,E (2675) Baku 2016}) 10. c3 Na7 11. Ne1 $146 (11. Bd3 Be7 12. Bxg6 hxg6 13. Re1 Nb5 14. Qd3 b6 15. axb6 Qxb6 {1-0 (57) Tabatabaei,M (2493)-Laurent Paoli,P (2305) Khanty-Mansiysk 2016}) 11... Nb5 12. Bd3 f6 13. Qc2 Kf7 14. f4 Be7 15. Nd2 {[%cal Bb1d2,Bd2f3,Bf3h4][%mdl 32]} Rf8 (15... Bxd3 $142 16. Nxd3 (16. Qxd3 f5 $14) 16... f5) 16. exf6 $16 gxf6 17. f5 exf5 18. Ndf3 ({Don't play} 18. Bxf5 $6 Nd6 $14) 18... Rg8 {[#]} (18... Nd6 $16 {is a better defense.}) 19. Nh4 $1 $18 (19. Bxf5 $6 Bxf5 20. Qxf5 Kg7 $14) 19... Nd6 20. g3 ({Don't do} 20. Nxf5 Nxf5 21. Bxf5 Kg7) 20... Nf8 21. Neg2 {[%cal Be1g2,Bg2h4,Bh4f3][%mdl 32]} Ne6 22. Nxf5 Nxf5 23. Bxf5 Qd7 (23... Ng7 $16) 24. Nh4 Rae8 25. Bh6 Bxf5 26. Qxf5 ({Much less strong is} 26. Nxf5 $6 Rg6 27. Rae1 Kg8 $16) 26... Nf8 (26... Rg6 $142) 27. Qh5+ Ng6 $2 {[#]} (27... Rg6 28. Nxg6 hxg6) 28. Nf3 1-0

[Event "Memorial Jorge Szmetan 2017"]
[Site "Buenos Aires"]
[Date "2017.04.23"]
[Round "7"]
[White "Pichot, Alan"]
[Black "Flores, Diego"]
[Result "1/2-1/2"]
[WhiteElo "2556"]
[BlackElo "2568"]
[Annotator "TA"]
[PlyCount "76"]
[EventDate "2017.04.17"]
[EventType "tourn"]
[EventCountry "ARG"]
[SourceTitle "playchess.com"]
[Source "ChessBase"]
[SourceQuality "1"]

{[%evp 20,76,20,29,83,68,94,85,94,94,89,93,92,88,79,82,132,65,67,-24,-14,-13,-13,-11,-16,0,104,118,115,0,252,111,114,12,19,19,19,19,19,0,0,0,0,0,0,-46,-21,-23,0,0,0,0,0,0,0,0,0,0,0]} 1. e4 e5 2. Nf3 Nc6 3. d4 exd4 4. Nxd4 Bb4+ 5. c3 Bc5 6. Be3 Bb6 7. Nf5 g6 {C45: Scotch Game} 8. Bxb6 axb6 9. Ne3 Nf6 10. f3 O-O 11. c4 {LiveBook: 26 Games} Nh5 (11... d5 $11 {remains equal.}) 12. Qd2 $16 f5 13. exf5 $1 (13. Nc3 f4 14. Ned5 Qh4+ 15. Qf2 {1-0 (30) Yu,Y (2729)-Bu,X (2705) Doha 2016}) 13... Qh4+ 14. Qf2 $1 {[%cal Rf2h4]} Qd4 15. Nc3 $1 Re8 16. Ne4 Nf6 $146 (16... Ra3 17. Nd5 Qe5 18. fxg6 Nf6 19. Qh4 Nh5 20. Qxh5 {1-0 (20) Antal,G (2547)-Cruz,J (2433) Barcelona 2017}) 17. Bd3 d5 {[#]} 18. cxd5 (18. Nxf6+ $1 $16 Qxf6 19. O-O (19. cxd5 Nb4 20. Rd1 Bd7 $15)) 18... Nb4 $14 19. Bb1 (19. Rd1 $14 Nxd3+ {[#]} 20. Rxd3 $1 {[%mdl 512]} Qxd3 21. Nxf6+ Kf8 22. Nxe8 Kxe8 23. fxg6 Rxa2 24. Qd2 Ra1+ 25. Nd1 Qxd2+ 26. Kxd2 hxg6 27. Re1+ Kd8 28. Re5) 19... Nxe4 $11 (19... Nfxd5 $2 20. Nxd5 Qxd5 21. O-O $18) 20. fxe4 Nd3+ 21. Bxd3 $1 Qxd3 22. fxg6 Bf5 (22... hxg6 $11 23. Qg3 (23. Rf1 Bf5 24. Qd2 Qxe4 $17) 23... Qxe4) 23. gxh7+ $16 (23. Qxf5 $6 Qxe3+ 24. Kd1 Qd4+ 25. Kc1 Qc4+ 26. Kd2 Qd4+ 27. Kc1 Qc4+ 28. Kd2 Qd4+ 29. Kc2 Rf8 30. Qe6+ Kh8 $11) 23... Bxh7 24. e5 ({White should play} 24. Rf1 $16 Rxe4 25. Qf7+ Kh8 26. Qf6+ Kg8 27. Qg5+ Kh8 28. Rf3 (28. Qf6+ Kg8 29. Qg5+ Kh8 $14)) 24... Rxa2 $2 {[%mdl 8192]} (24... Ra3 $1 $11 25. Qg3+ (25. bxa3 $2 Qc3+ 26. Qd2 Qxa1+ 27. Qd1 Qxe5 $19) 25... Kh8 26. bxa3 Qc3+ 27. Ke2 Bd3+ 28. Kd1 (28. Kf3 Rf8+ 29. Kg4 Rg8+ 30. Kf3 Rf8+ 31. Kg4 Rg8+ 32. Kh4 Rxg3 33. hxg3 Qxe5 $11) 28... Qxa1+ 29. Kd2 Qxh1 30. Qh4+ (30. Kxd3 Qb1+ 31. Kd4 Qb2+ 32. Ke4 Qb1+ 33. Kd4 Qb2+ 34. Ke4 Qb1+ 35. Kd4 $11) 30... Bh7 31. Qf6+ Kg8) 25. Rd1 ({Inferior is} 25. Rxa2 Qb1+ 26. Ke2 Qd3+ 27. Ke1 Qb1+ 28. Ke2 Qd3+ 29. Ke1 Qb1+ 30. Ke2 $11) (25. Qg3+ $18 {and the rest is easy.} Kh8 26. Rxa2 Qb1+ 27. Nd1 Qxa2 28. O-O Qxd5 29. Ne3) 25... Qb5 26. e6 (26. Rf1 $16 {Qf7+ is the strong threat.} Qa5+ 27. Qd2 Rxe5 28. Kf2) 26... Rxb2 $11 27. Rd2 Rxd2 $1 28. Qxd2 Qb1+ 29. Qd1 Qb4+ 30. Kf2 Rf8+ 31. Kg1 {Threatens to win with h4.} Qc3 {[%cal Rc3e3]} 32. Qe2 Qa1+ {[%mdl 1024] Black has compensation.} 33. Qd1 $1 {[%cal Rd1a1]} Qc3 {[%cal Rc3e3]} 34. Qe2 {The position is equal.} Qc1+ (34... Qa1+ $5 35. Qd1 $8 Qc3 $11) 35. Nd1 Qc5+ 36. Ne3 {Hoping for h4.} Qc1+ 37. Nd1 {Strongly threatening h4.} Qc5+ 38. Ne3 {Black must now prevent h4.} Qc1+ 1/2-1/2

[Event "Memorial Jorge Szmetan 2017"]
[Site "Buenos Aires"]
[Date "2017.04.23"]
[Round "7"]
[White "Morovic Fernandez, Ivan"]
[Black "Bachmann, Axel"]
[Result "1/2-1/2"]
[WhiteElo "2527"]
[BlackElo "2646"]
[Annotator "TA"]
[PlyCount "88"]
[EventDate "2017.04.17"]
[EventType "tourn"]
[EventCountry "ARG"]
[SourceTitle "playchess.com"]
[Source "ChessBase"]
[SourceQuality "1"]

{[%evp 16,88,17,5,14,0,0,0,2,14,18,0,65,58,83,30,103,0,0,0,0,0,0,-16,-16,-16,0,0,0,-15,64,-85,-86,-90,-77,-77,-4,-4,-7,-9,-7,-49,0,-23,-28,-241,-251,-191,0,0,0,0,0,0,0,0,0,0,0,0,4,0,14,12,14,14,15,14,13,2,2,0,25,0,8]} 1. d4 Nf6 2. Nf3 e6 3. e3 c5 4. Bd3 b6 5. O-O Bb7 6. Nbd2 Nc6 7. c3 d5 8. Re1 Be7 {D05: Colle System with ...e6} 9. dxc5 {LiveBook: 3 Games} bxc5 10. e4 Qc7 11. exd5 exd5 12. Nf1 O-O 13. Bg5 Rfe8 (13... Ne4 $11 14. Bxe7 (14. Bxe4 dxe4 15. Rxe4 Bxg5 16. Nxg5 h6 $11) 14... Nxe7) 14. Ne3 $1 $14 d4 {[#]} 15. Nf5 (15. cxd4 $1 $16 Nxd4 16. Nxd4 cxd4 17. Nf5) 15... dxc3 $146 (15... Ng4 $11 16. Qd2 (16. Nxe7+ Nxe7 17. Be4 Ng6 18. Bxb7 Qxb7 $11) 16... Bf8) (15... Nd5 16. Nxe7+ Ndxe7 17. cxd4 Nxd4 18. Nxd4 cxd4 {1-0 (38) Kovacevic,V (2555)-Rajkovic,D (2440) Pula 1984}) 16. Nxe7+ (16. bxc3 $16 {aiming for Qa4.} h6 17. Bh4 (17. Nxe7+ Rxe7 18. Bxf6 gxf6 $16)) 16... Nxe7 $11 17. Bxf6 gxf6 18. bxc3 Ng6 19. Rxe8+ Rxe8 {[%cal Ba8e8,Be8e4,Be4f4][%mdl 32]} 20. Qa4 Bc6 21. Bb5 $1 {[%cal Rb5c6]} Re4 22. Qa6 Bb7 (22... Ba8 $11) 23. Qxf6 (23. Qxa7 $14 {is the one way to stay ahead.} Re7 24. Rb1) 23... Rf4 $17 24. Qg5 Bxf3 25. gxf3 Rxf3 (25... Qb7 $17 26. Be2 (26. Qxc5 $2 Qxf3 27. Bd7 f5 28. Be6+ Kg7 29. Bxf5 Rxf5 $19) 26... Qb2) 26. Rd1 $132 {[%mdl 2048] White puts up resistance (4)} Kg7 27. Rd3 $1 {[%cal Rd3f3]} Rf4 28. Rh3 ({Of course not} 28. Rd7 Qb6 29. Be2 Qb2 $17) 28... Qd6 29. Qh5 c4 30. Qh6+ $2 ({Wrong is} 30. Qxh7+ $2 Kf6 31. Bxc4 Rxc4 32. Rf3+ Rf4 33. Rxf4+ Qxf4 $19) (30. Qe2 $11) 30... Kf6 $19 {[#] Strongly threatening ...Qd1+.} 31. Rg3 Qd2 $2 (31... Qd1+ $19 32. Kg2 Qd5+ 33. f3 Qd2+ 34. Kf1 Ke5 35. Qxh7 Qd3+ 36. Kf2 Qd2+ 37. Kf1 Qd3+ 38. Kg1 Qb1+ 39. Kf2 Qc2+ 40. Kf1 Kd6 41. Rxg6+ Qxg6 42. Qxg6+ fxg6) 32. Qg5+ $11 Kg7 {And now ...Qe1+ would win.} 33. Qe5+ $1 Rf6 34. Qd4 Qxd4 35. cxd4 {[%mdl 4096] Endgame KRB-KRN} Rd6 36. Bxc4 Rxd4 37. Bb3 a5 {[%cal Ba7a5,Ba5a4][%mdl 32]} 38. Kf1 a4 39. Bc2 Rc4 40. Bd1 Rd4 41. Ke1 Re4+ 42. Kd2 Rd4+ 43. Ke1 Re4+ 44. Kd2 Rd4+ 1/2-1/2

[Event "Memorial Jorge Szmetan 2017"]
[Site "Buenos Aires"]
[Date "2017.04.23"]
[Round "7"]
[White "Hoffman, Alejandro"]
[Black "Darcyl, Tomas"]
[Result "1/2-1/2"]
[WhiteElo "2488"]
[BlackElo "2405"]
[Annotator "TA"]
[PlyCount "30"]
[EventDate "2017.04.17"]
[EventType "tourn"]
[EventCountry "ARG"]
[SourceTitle "playchess.com"]
[Source "ChessBase"]
[SourceQuality "1"]

{[%evp 12,30,18,0,21,15,18,17,15,10,11,-5,4,2,4,7,6,-16,27,30,46]} 1. d4 Nf6 2. c4 g6 3. Nc3 d5 4. Bg5 Bg7 5. Bxf6 Bxf6 6. cxd5 c6 7. dxc6 {LiveBook: 29 Games. D80: Grünfeld: Unusual White 4th moves and 4 Bg5} Qxd4 ({But not} 7... Nxc6 8. e3 $16) (7... Bxd4 $5 {with more complications.} 8. cxb7 Bxb7 9. Rc1 Qb6 10. e3 Bxc3+ 11. Rxc3 Qxb2 12. Rb3 Qxa2 13. Rxb7 Qa5+) 8. Qxd4 Bxd4 9. cxb7 {[%cal Rb7c8] [#] The position is equal.} Bxc3+ 10. bxc3 {[%cal Rb7c8]} Bxb7 11. e3 O-O 12. Rb1 $146 (12. Nf3) 12... Be4 13. Rb4 Bd5 14. c4 Nc6 15. Rb5 Be6 1/2-1/2

[Event "Memorial Jorge Szmetan 2017"]
[Site "Buenos Aires"]
[Date "2017.04.23"]
[Round "7"]
[White "Sosa, Tomas"]
[Black "Granda Zuniga, Julio E"]
[Result "1/2-1/2"]
[WhiteElo "2459"]
[BlackElo "2658"]
[Annotator "TA"]
[PlyCount "105"]
[EventDate "2017.04.17"]
[EventType "tourn"]
[EventCountry "ARG"]
[SourceTitle "playchess.com"]
[Source "ChessBase"]
[SourceQuality "1"]

{[%evp 10,105,20,7,7,13,32,1,6,5,6,0,0,0,0,0,0,-8,0,0,0,-2,0,-9,0,-16,0,-14,13,-12,-12,-12,-12,-12,-12,-29,-12,-23,14,-23,-24,-24,-23,-27,-24,-25,-17,-35,-29,-52,-54,-48,-55,-54,-39,-54,-37,-54,-57,-57,-56,-53,-57,-60,-60,-60,-51,-50,-50,-60,-50,-67,-8,-64,-8,-8,-8,-52,-52,-52,-52,-52,-52,-52,-52,-125,-125,-125,-125,-125,-125,-125,-125,-125,-125,-125,-125,-125]} 1. Nf3 d5 2. c4 d4 3. b4 c5 4. e3 dxe3 5. fxe3 cxb4 {A09: Réti Opening: 1 Nf3 d5 2 c4} 6. a3 {LiveBook: 3 Games} (6. d4 Nf6 7. Bd3 g6 8. a3 bxa3 9. O-O Bg7 10. Bxa3 O-O 11. Nc3 Nc6 12. h3 b6 13. Qe2 Bb7 14. Rac1 {1-0 (30) Mareco,S (2664)-Nakamura,H (2793) chess.com INT 2017}) 6... e6 7. d4 bxa3 $146 {The position is equal.} (7... Nf6 8. Bd3 Nc6 9. O-O e5 10. Bc2 Bd6 11. Qe1 b3 12. Bxb3 e4 13. Nfd2 {1-0 (27) Sulskis,S (2497)-Skytte,R (2323) Lisbon 2000}) 8. Bd3 Bb4+ 9. Nbd2 Nc6 10. O-O Nf6 11. Bxa3 Bxa3 12. Rxa3 O-O $1 13. Ne4 Nxe4 14. Bxe4 Bd7 15. Qb3 f5 16. Bc2 b6 17. e4 Na5 18. Qd3 Qc7 19. Ne5 {[%cal Re4f5]} Nc6 20. Nxc6 ({Much weaker is} 20. Nxd7 Qxd7 21. Rd1 Rad8 $17) 20... Qxc6 21. exf5 exf5 22. Bd1 {Black should prevent Bf3.} Qc7 23. Bf3 Rac8 24. c5 bxc5 25. Qc4+ Kh8 {Threatening ...Qb6.} 26. Qxc5 Qxc5 27. dxc5 Bb5 28. Rfa1 a6 29. Bb7 Rxc5 30. Bxa6 Bc6 31. Be2 g5 32. Bf3 Be8 33. Ra8 {[#] Hoping for Re1.} Kg7 34. h3 Bg6 35. Rxf8 $1 Kxf8 $15 {[%mdl 4096] Endgame KRB-KRB} 36. Ra7 h5 37. Kf2 g4 38. hxg4 hxg4 39. Bd1 Rc3 40. Ra4 g3+ (40... Ke7 $15) 41. Ke1 (41. Ke2 $1 $11) 41... Re3+ ({Black should play} 41... Rc7 $15) 42. Kd2 $11 Re5 43. Ra3 f4 44. Bf3 Kg7 45. Ra4 Rf5 46. Be4 Be8 $1 {[%cal Re8a4]} 47. Bxf5 ({Better is} 47. Ra7+ $15 Rf7 48. Ra2) 47... Bxa4 $15 {KB-KB. Black is better.} 48. Ke2 Kf6 49. Bd3 Ke5 50. Kf1 Kd4 51. Ba6 Bc6 52. Kg1 Ke3 53. Bc4 1/2-1/2